[Event "RUS-ch Students"]
[Site "Belgorod"]
[Date "2009.10.10"]
[Round "6"]
[White "Airapetian, Tatevik"]
[Black "Gusarov, Grigory"]
[Result "0-1"]
[WhiteElo "2175"]
[BlackElo "2211"]
[PlyCount "72"]
[EventDate "2009.10.05"]
[EventType "swiss"]
[EventRounds "9"]
[EventCountry "RUS"]
[SourceTitle "EXT 2010"]
[Source "ChessBase"]
[SourceDate "2010.11.25"]
[SourceVersion "1"]
[SourceVersionDate "2010.11.25"]
[SourceQuality "1"]

1. e4 c6 2. d4 Na6 3. Nf3 Nc7 4. Bd3 d5 5. e5 Bg4 6. h3 Bh5 7. Be3 e6 8. g4 Bg6 9. h4 Bxd3 10. Qxd3 h5 11. gxh5 Rxh5 12. Nbd2 Ne7 13. Nf1 Qd7 14. 0-0-0 0-0-0 15. Ng3 Rh8 16. h5 Ng8 17. Nh4 Nh6 18. Rdf1 c5 19. c3 Be7 20. f4 Ng4 21. Bd2 g6 22. Qf3 gxh5 23. f5 cxd4 24. cxd4 Qa4 25. fxe6 Bxh4 26. Rxh4 fxe6 27. Rxh5 Nh2 28. Rxh2 Rxh2 29. Qc3 Qxa2 30. Rf7 Qc4 31. Qxc4 dxc4 32. Ne4 Nb5 33. Bc3 Rg8 34. Kb1 Rg1+ 35. Ka2 Nxc3+ 36. Nxc3 Rgg2 0-1

[Event "Elets-B"]
[Site "Elets"]
[Date "2009.09.14"]
[Round "3"]
[White "Truskavetsky, Alexandr"]
[Black "Airapetian, Tatevik"]
[Result "1/2-1/2"]
[WhiteElo "2385"]
[BlackElo "2125"]
[PlyCount "81"]
[EventDate "2009.09.12"]
[EventType "tourn"]
[EventRounds "11"]
[EventCountry "RUS"]
[SourceTitle "CBM 132 Extra"]
[Source "ChessBase"]
[SourceDate "2009.11.03"]
[SourceVersion "1"]
[SourceVersionDate "2009.11.03"]
[SourceQuality "1"]

1. d4 Nf6 2. c4 g6 3. Nf3 Bg7 4. Nc3 0-0 5. e4 d6 6. Be2 e5 7. 0-0 Nc6 8. d5 Ne7 9. b4 Nh5 10. Re1 f5 11. Ng5 Nf6 12. Bf3 c6 13. Be3 h6 14. Ne6 Bxe6 15. dxe6 fxe4 16. Nxe4 Nxe4 17. Bxe4 d5 18. cxd5 cxd5 19. Bc5 dxe4 20. Qxd8 Rfxd8 21. Bxe7 Re8 22. Bc5 Rxe6 23. Rxe4 b6 24. Be3 Rc8 25. a4 Rec6 26. a5 Rc4 27. Rxc4 Rxc4 28. b5 Rb4 29. axb6 axb6 30. Bxb6 Rxb5 31. Be3 g5 32. g4 Kh7 33. Ra6 Rb4 34. h3 Kg8 35. Kg2 Kf7 36. Kf3 Bf6 37. h4 e4+ 38. Kg2 gxh4 39. Bxh6 e3 40. Bxe3 Rxg4+ 41. Kh3 1/2-1/2

[Event "Vladimir op-A"]
[Site "Vladimir"]
[Date "2009.08.21"]
[Round "3"]
[White "Gavrish, Leonid"]
[Black "Airapetian, Tatevik"]
[Result "1-0"]
[WhiteElo "2132"]
[BlackElo "2175"]
[PlyCount "59"]
[EventDate "2009.08.19"]
[EventType "swiss"]
[EventRounds "9"]
[EventCountry "RUS"]
[SourceTitle "EXT 2010"]
[Source "ChessBase"]
[SourceDate "2010.11.25"]
[SourceVersion "1"]
[SourceVersionDate "2010.11.25"]
[SourceQuality "1"]

1. d4 Nf6 2. c4 e6 3. Nc3 c5 4. d5 exd5 5. cxd5 d6 6. e4 g6 7. f4 Bg7 8. Bb5+ Nfd7 9. Be2 0-0 10. Nf3 a6 11. a4 Re8 12. 0-0 Nf6 13. e5 dxe5 14. fxe5 Ng4 15. Bg5 Qb6 16. a5 Qb4 17. Qc1 b5 18. axb6 Nxe5 19. Bb5 Nxf3+ 20. Rxf3 Bd4+ 21. Kh1 Bd7 22. Ra4 axb5 23. Rxa8 Qxb2 24. Ne4 Qxc1+ 25. Bxc1 Rxe4 26. Rxb8+ Kg7 27. Rf1 Be5 28. Rd8 Bf5 29. b7 Re2 30. Re8 1-0

[Event "Vladimir op-A"]
[Site "Vladimir"]
[Date "2009.08.19"]
[Round "1"]
[White "Airapetian, Tatevik"]
[Black "Potapov, Alexey"]
[Result "0-1"]
[WhiteElo "2175"]
[BlackElo "2317"]
[PlyCount "102"]
[EventDate "2009.08.19"]
[EventType "swiss"]
[EventRounds "9"]
[EventCountry "RUS"]
[SourceTitle "EXT 2010"]
[Source "ChessBase"]
[SourceDate "2010.11.25"]
[SourceVersion "1"]
[SourceVersionDate "2010.11.25"]
[SourceQuality "1"]

1. e4 c6 2. d4 d5 3. e5 c5 4. dxc5 e6 5. Be3 Nd7 6. Nf3 Qc7 7. Nc3 a6 8. Qd2 Ne7 9. b4 Nc6 10. a3 Ndxe5 11. Be2 Be7 12. 0-0 Bf6 13. Nd4 0-0 14. f4 Nd7 15. Rad1 b6 16. Na4 Nxd4 17. Bxd4 Bxd4+ 18. Qxd4 bxc5 19. bxc5 Qc6 20. f5 Bb7 21. Nb6 Nxb6 22. cxb6 exf5 23. Rxf5 Qxc2 24. Rf2 Qc6 25. Bf3 Rad8 26. Rff1 Rd6 27. Rb1 Rc8 28. Rfe1 Kf8 29. Kh1 Qc5 30. Qb2 Qc3 31. a4 Qxb2 32. Rxb2 Re6 33. Rd1 Rc5 34. h3 Ke7 35. Bg4 Re4 36. Ra2 a5 37. Rb1 g6 38. Bf3 Rec4 39. Kh2 Kd6 40. Be2 Rc2 41. Rbb2 R2c3 42. Bb5 Re3 43. Ra1 f5 44. Rab1 Re4 45. Ra1 Rc3 46. Be2 Ree3 47. Bf3 Rb3 48. Rab1 Ra3 49. Rb5 Rxa4 50. Bxd5 Re7 51. Rd1 Bxd5 0-1

[Event "Lipetsk King's Gambit-B"]
[Site "Lipetsk"]
[Date "2009.06.23"]
[Round "11"]
[White "Airapetian, Tatevik"]
[Black "Pesotsky, Vitaly"]
[Result "0-1"]
[WhiteElo "2125"]
[BlackElo "2318"]
[PlyCount "104"]
[EventDate "2009.06.23"]
[EventType "tourn"]
[EventRounds "11"]
[EventCountry "RUS"]
[EventCategory "1"]
[SourceTitle "CBM 131 Extra"]
[Source "ChessBase"]
[SourceDate "2009.09.03"]
[SourceVersion "2"]
[SourceVersionDate "2009.09.16"]
[SourceQuality "1"]

1. e4 Nf6 2. e5 Nd5 3. d4 Nb6 4. c4 d6 5. exd6 cxd6 6. Nc3 g6 7. Be3 Bg7 8. Rc1 0-0 9. b3 e6 10. Nf3 N8d7 11. Be2 Nf6 12. h3 Bd7 13. 0-0 Bc6 14. Bg5 h6 15. Bh4 g5 16. Bg3 Ne4 17. Nxe4 Bxe4 18. Ne1 Nc8 19. Bd3 d5 20. Bxe4 dxe4 21. Nc2 Ne7 22. Qe2 f5 23. Be5 Bxe5 24. dxe5 Qa5 25. Qh5 Kg7 26. Rcd1 Rad8 27. h4 g4 28. Ne3 Ng6 29. Nxg4 fxg4 30. Qxg4 Rxd1 31. Rxd1 Qxa2 32. Rf1 Rf4 33. Qxe6 e3 34. fxe3 Rxf1+ 35. Kxf1 Qa1+ 36. Ke2 Qb2+ 37. Kf3 Qxe5 38. Qxe5+ Nxe5+ 39. Ke4 Kf6 40. Kd5 Ng4 41. e4 Ke7 42. g3 h5 43. b4 Ne3+ 44. Kd4 Nf1 45. Ke5 Nxg3 46. Kf4 Nf1 47. c5 Nd2 48. Kf5 a6 49. Kg5 Nxe4+ 50. Kxh5 Kf6 51. Kh6 Ng3 52. h5 Kf5 0-1

[Event "Voronezh op-A 13th"]
[Site "Voronezh"]
[Date "2009.06.19"]
[Round "8"]
[White "Aitbayev, Aslan"]
[Black "Airapetian, Tatevik"]
[Result "1/2-1/2"]
[WhiteElo "2387"]
[BlackElo "2125"]
[PlyCount "87"]
[EventDate "2009.06.12"]
[EventType "swiss"]
[EventRounds "9"]
[EventCountry "RUS"]
[SourceTitle "CBM 130 Extra"]
[Source "ChessBase"]
[SourceDate "2009.07.02"]
[SourceVersion "2"]
[SourceVersionDate "2009.07.15"]
[SourceQuality "1"]

1. e4 c5 2. Nf3 d6 3. d4 cxd4 4. Nxd4 Nf6 5. Nc3 a6 6. h3 g6 7. g3 Bg7 8. Bg2 0-0 9. 0-0 Nc6 10. Nde2 Bd7 11. a4 Na5 12. b3 Rc8 13. Be3 Qc7 14. Qd2 Nc6 15. Nd5 Nxd5 16. exd5 Bxa1 17. dxc6 Bxc6 18. Rxa1 Bxg2 19. Kxg2 Qxc2 20. Qxc2 Rxc2 21. Nd4 Rc3 22. Rd1 Rfc8 23. a5 f6 24. b4 Kf7 25. b5 Ra3 26. Rb1 Rxa5 27. bxa6 bxa6 28. Rb7 Ra4 29. Ra7 Rcc4 30. Ne2 g5 31. g4 d5 32. Bb6 Rc6 33. Bd8 Ke8 34. Ra8 Kd7 35. Ng3 d4 36. Nf5 Rc8 37. Rxc8 Kxc8 38. Bxe7 d3 39. Kf3 h5 40. Bxf6 d2 41. Ke2 d1Q+ 42. Kxd1 hxg4 43. hxg4 Rxg4 44. Ne3 1/2-1/2

[Event "RUS-ch (Women) 1st League 59th"]
[Site "Smolensk"]
[Date "2009.02.28"]
[Round "3"]
[White "Airapetian, Tatevik"]
[Black "Dolgova, Olga"]
[Result "1/2-1/2"]
[WhiteElo "2145"]
[BlackElo "2245"]
[PlyCount "51"]
[EventDate "2009.02.26"]
[EventType "team-tourn"]
[EventRounds "9"]
[EventCountry "RUS"]
[SourceTitle "CBM 129 Extra"]
[Source "ChessBase"]
[SourceDate "2009.05.05"]
[SourceVersion "2"]
[SourceVersionDate "2009.05.20"]
[SourceQuality "1"]

1. e4 c6 2. d4 d5 3. e5 Bf5 4. Be3 e6 5. Nd2 Nd7 6. Be2 c5 7. Ngf3 Rc8 8. c3 Ne7 9. Rc1 Nc6 10. a3 Be7 11. b4 c4 12. 0-0 0-0 13. Ne1 f6 14. f4 fxe5 15. dxe5 g5 16. g3 gxf4 17. gxf4 Kh8 18. Kh1 Rg8 19. Nef3 Qe8 20. Qe1 Qf7 21. Qf2 b6 22. Rg1 Rxg1+ 23. Rxg1 Rg8 24. Nf1 Rxg1+ 25. Kxg1 Qg6+ 26. Qg3 1/2-1/2

[Event "Moscow op (Women)"]
[Site "Moscow"]
[Date "2009.02.01"]
[Round "2"]
[White "Airapetian, Tatevik"]
[Black "Chukhlantseva, Anna"]
[Result "1-0"]
[WhiteElo "2145"]
[BlackElo "1842"]
[PlyCount "109"]
[EventDate "2009.01.31"]
[EventType "swiss"]
[EventRounds "9"]
[EventCountry "RUS"]
[SourceTitle "EXT 2012"]
[Source "ChessBase"]
[SourceDate "2011.11.24"]
[SourceVersion "1"]
[SourceVersionDate "2011.11.24"]
[SourceQuality "1"]

1. e4 c5 2. Nf3 e6 3. d4 cxd4 4. Nxd4 a6 5. Bd3 Bc5 6. Nb3 Ba7 7. 0-0 d6 8. Qe2 Nf6 9. c4 Nbd7 10. Nc3 0-0 11. Be3 Bxe3 12. Qxe3 Qc7 13. Nd4 Ne5 14. b3 Nfg4 15. Qe2 d5 16. exd5 Nxd3 17. Qxg4 exd5 18. Nxd5 Qxh2+ 19. Kxh2 Bxg4 20. f3 Bd7 21. Rad1 Nc5 22. b4 Ne6 23. Nb6 Rad8 24. Nxd7 Rxd7 25. Nxe6 Rxd1 26. Rxd1 fxe6 27. c5 h6 28. Rd6 Rf6 29. Rb6 Rf7 30. Rxe6 Rc7 31. Kg3 a5 32. a3 axb4 33. axb4 Kf7 34. Rd6 Re7 35. Kf4 Ke8 36. Kf5 Kf7 37. b5 Rc7 38. c6 bxc6 39. Rxc6 Ra7 40. b6 Ra5+ 41. Ke4 Rb5 42. Rc7+ Kf6 43. b7 h5 44. Kd4 g5 45. Kc4 Rb2 46. Kd5 g4 47. fxg4 hxg4 48. Kc6 Kf5 49. Rf7+ Ke6 50. Rg7 Rc2+ 51. Kb6 Rb2+ 52. Kc7 Rc2+ 53. Kd8 Rd2+ 54. Kc8 Rc2+ 55. Rc7 1-0

[Event "Bykova Memorial op (Women)"]
[Site "Vladimir"]
[Date "2008.12.17"]
[Round "7"]
[White "Schepetkova, Margarita"]
[Black "Airapetian, Tatevik"]
[Result "1-0"]
[WhiteElo "2190"]
[BlackElo "2175"]
[PlyCount "93"]
[EventDate "2008.12.10"]
[EventType "swiss"]
[EventRounds "9"]
[EventCountry "RUS"]
[SourceTitle "EXT 2010"]
[Source "ChessBase"]
[SourceDate "2010.11.25"]
[SourceVersion "1"]
[SourceVersionDate "2010.11.25"]
[SourceQuality "1"]

1. e4 c5 2. Nf3 d6 3. Bb5+ Bd7 4. Bxd7+ Qxd7 5. c4 Nf6 6. Nc3 g6 7. d4 cxd4 8. Nxd4 Bg7 9. h3 0-0 10. Be3 Rc8 11. b3 Na6 12. 0-0 Nc5 13. Qf3 b6 14. Rae1 h6 15. Nde2 Qb7 16. Ng3 a6 17. Bd4 e5 18. Bxc5 Rxc5 19. Rd1 Rd8 20. a4 Ne8 21. Nge2 Nc7 22. Nc1 Ne6 23. Rd5 Nd4 24. Qd3 h5 25. N1e2 Nxb3 26. Rb1 Rxd5 27. Nxd5 Nc5 28. Qc2 Nd7 29. a5 b5 30. cxb5 axb5 31. Nec3 Nf6 32. Rxb5 Qa6 33. Qb3 Nxd5 34. Qxd5 Qc8 35. Rb7 Rf8 36. Qb3 Qa8 37. Qb6 Qc8 38. Rc7 Qb8 39. Qxb8 Rxb8 40. a6 Ra8 41. a7 Bf6 42. Nd5 Bd8 43. Rb7 Kg7 44. Rb8 Rxa7 45. Rxd8 Ra1+ 46. Kh2 Ra6 47. Nc7 1-0

[Event "Lipetsk Rating 16th"]
[Site "Lipetsk"]
[Date "2008.10.22"]
[Round "5"]
[White "Airapetian, Tatevik"]
[Black "Morev, Ivan"]
[Result "0-1"]
[WhiteElo "2175"]
[BlackElo "2219"]
[PlyCount "74"]
[EventDate "2008.10.18"]
[EventType "tourn"]
[EventRounds "9"]
[EventCountry "RUS"]
[SourceTitle "EXT 2022"]
[Source "ChessBase"]
[SourceDate "2021.10.06"]
[SourceVersion "1"]
[SourceVersionDate "2021.10.06"]
[SourceQuality "1"]

1. e4 c5 2. Nf3 d6 3. d4 cxd4 4. Nxd4 Nf6 5. Nc3 a6 6. Be3 e6 7. g4 h6 8. Bg2 e5 9. Nf5 g6 10. Nxh6 Bxh6 11. Bxh6 Nxg4 12. Bd2 Nxh2 13. Qe2 Nc6 14. 0-0-0 Nd4 15. Qe3 Be6 16. Be1 Qf6 17. f3 0-0-0 18. Rd3 Bc4 19. Nd5 Bxd5 20. exd5 Qf4 21. Kd1 g5 22. Ba5 Rd7 23. Qe1 Rh4 24. Bd2 Qf5 25. Qg3 Ndxf3 26. Rxf3 Nxf3 27. Qxf3 Qxf3+ 28. Bxf3 Rxh1+ 29. Bxh1 f5 30. Ke2 g4 31. c4 Rh7 32. Bg2 f4 33. Be4 Rh2+ 34. Ke1 Kc7 35. Bc3 f3 36. Ba5+ b6 37. Bc3 Re2+ 0-1

[Event "Lipetsk Rating 16th"]
[Site "Lipetsk"]
[Date "2008.10.21"]
[Round "4"]
[White "Kurbatov, Andrei"]
[Black "Airapetian, Tatevik"]
[Result "0-1"]
[WhiteElo "2176"]
[BlackElo "2175"]
[PlyCount "80"]
[EventDate "2008.10.18"]
[EventType "tourn"]
[EventRounds "9"]
[EventCountry "RUS"]
[SourceTitle "EXT 2022"]
[Source "ChessBase"]
[SourceDate "2021.10.06"]
[SourceVersion "1"]
[SourceVersionDate "2021.10.06"]
[SourceQuality "1"]

1. d4 Nf6 2. c4 e6 3. Nf3 c5 4. e3 cxd4 5. exd4 d5 6. Nc3 Be7 7. Bd3 0-0 8. 0-0 dxc4 9. Bxc4 Nc6 10. Bg5 Qb6 11. Qd2 Rd8 12. Rad1 Bd7 13. Rfe1 Rac8 14. Bd3 Nb4 15. Bb1 Be8 16. Re5 Nbd5 17. Nxd5 Rxd5 18. Bxf6 Bxf6 19. Rxd5 exd5 20. Bf5 Rc7 21. Qf4 g6 22. Bd3 Re7 23. h3 Kg7 24. b3 Bb5 25. Ne5 h5 26. Bb1 Qc7 27. Rc1 Bc6 28. Re1 Qa5 29. Re3 Qd2 30. Bd3 Qxa2 31. Rf3 Qa1+ 32. Kh2 Bxe5 33. dxe5 Qxe5 34. Qxe5+ Rxe5 35. Rf4 a5 36. h4 b5 37. Kg3 Re1 38. Rf3 d4 39. Rf4 Rd1 40. Rxd4 Be4 0-1

[Event "RUS-chT U26"]
[Site "Belgorod"]
[Date "2008.10.13"]
[Round "9"]
[White "Airapetian, Tatevik"]
[Black "Rjanova, Valery"]
[Result "0-1"]
[WhiteElo "2175"]
[BlackElo "2027"]
[PlyCount "116"]
[EventDate "2008.10.05"]
[EventType "team"]
[EventRounds "9"]
[EventCountry "RUS"]
[SourceTitle "EXT 2010"]
[Source "ChessBase"]
[SourceDate "2010.11.25"]
[SourceVersion "1"]
[SourceVersionDate "2010.11.25"]
[SourceQuality "1"]

1. e4 c5 2. Nf3 d6 3. d4 cxd4 4. Nxd4 Nf6 5. Nc3 g6 6. Be3 Bg7 7. f3 0-0 8. Qd2 Nc6 9. Bc4 Nd7 10. Bb3 Na5 11. Bh6 Nb6 12. Bxg7 Kxg7 13. 0-0-0 Nxb3+ 14. Nxb3 Bd7 15. h4 Rc8 16. Kb1 Nc4 17. Qc1 h6 18. h5 g5 19. Nd5 a5 20. Nd4 e6 21. Ne3 Qb6 22. Rd3 Ne5 23. Rdd1 Nc4 24. Ka1 Qa6 25. f4 gxf4 26. Nxc4 Rxc4 27. Qxf4 e5 28. Nf5+ Bxf5 29. Qxf5 Rxc2 30. Rh4 Rxg2 31. Rg4+ Rxg4 32. Qxg4+ Kf6 33. Qd7 Kg7 34. Qf5 Qb6 35. Qg4+ Kf6 36. Qd7 Kg7 37. Rxd6 Qe3 38. Rd1 Qxe4 39. Rg1+ Kh7 40. Qe7 Qd4 41. Rf1 Qc4 42. Rb1 Rc8 43. Qxe5 Rc5 44. Qh2 b5 45. Qd2 b4 46. Qd1 Rd5 47. Qf3 Rb5 48. Rf1 Kg7 49. Qf6+ Kh7 50. Qf3 Rc5 51. Qd1 Rxh5 52. Qb1+ Kg7 53. Rc1 Qd5 54. Rd1 Qf5 55. Qc1 Rh2 56. Rg1+ Kh7 57. Qc4 Rf2 58. Qd4 Rf1+ 0-1

[Event "RUS-chT U26"]
[Site "Belgorod"]
[Date "2008.10.11"]
[Round "7"]
[White "Airapetian, Tatevik"]
[Black "Yakupova, Aysyla"]
[Result "0-1"]
[WhiteElo "2175"]
[BlackElo "2022"]
[PlyCount "124"]
[EventDate "2008.10.05"]
[EventType "team"]
[EventRounds "9"]
[EventCountry "RUS"]
[SourceTitle "EXT 2010"]
[Source "ChessBase"]
[SourceDate "2010.11.25"]
[SourceVersion "1"]
[SourceVersionDate "2010.11.25"]
[SourceQuality "1"]

1. e4 e5 2. Nf3 Nc6 3. Nc3 Nf6 4. Bc4 Bc5 5. 0-0 0-0 6. a3 a6 7. b4 Ba7 8. d3 h6 9. Nd5 d6 10. h3 Be6 11. Be3 Re8 12. Bb3 Nd4 13. Nxd4 exd4 14. Bd2 Nxd5 15. exd5 Bf5 16. Qf3 Bg6 17. a4 b5 18. axb5 axb5 19. Qg4 Qc8 20. Rfe1 Qxg4 21. hxg4 Bb6 22. Rxe8+ Rxe8 23. Kf1 Kf8 24. Bf4 Ke7 25. f3 Kd7 26. Kf2 Re7 27. Rh1 Re8 28. g5 h5 29. Rh4 Re7 30. Bc1 Re5 31. Bb2 Rxg5 32. Bxd4 Bxd4+ 33. Rxd4 Re5 34. Rh4 Re8 35. Rh1 Ra8 36. Ke3 Ke7 37. Kd4 Kf6 38. Re1 h4 39. Rh1 Kg5 40. Rh2 Ra1 41. c3 Rb1 42. Bc2 Rb2 43. f4+ Kf6 44. g4 hxg3 45. Rg2 Bh5 46. Rd2 g2 47. Rxg2 Bd1 48. Bxd1 Rxg2 49. Bf3 Rb2 50. Bg4 Ke7 51. Bc8 Re2 52. c4 Kf6 53. c5 g5 54. fxg5+ Kxg5 55. Bd7 f5 56. Bxb5 f4 57. Ba4 Re1 58. Bd7 f3 59. b5 f2 60. Bh3 f1Q 61. Bxf1 Rxf1 62. b6 cxb6 0-1

[Event "RUS-chT U26"]
[Site "Belgorod"]
[Date "2008.10.06"]
[Round "2"]
[White "Kurnosov, Igor"]
[Black "Airapetian, Tatevik"]
[Result "1-0"]
[WhiteElo "2606"]
[BlackElo "2175"]
[PlyCount "81"]
[EventDate "2008.10.05"]
[EventType "team"]
[EventRounds "9"]
[EventCountry "RUS"]
[SourceTitle "EXT 2010"]
[Source "ChessBase"]
[SourceDate "2010.11.25"]
[SourceVersion "1"]
[SourceVersionDate "2010.11.25"]
[SourceQuality "1"]

1. d4 Nf6 2. Nf3 e6 3. c4 c5 4. d5 exd5 5. cxd5 d6 6. Nc3 g6 7. Bf4 a6 8. a4 Bg7 9. e3 Bg4 10. Be2 Bxf3 11. Bxf3 0-0 12. 0-0 Qe7 13. Qc2 Nbd7 14. Be2 Rfe8 15. a5 Rac8 16. Ra4 Ne5 17. Rd1 Nfd7 18. b3 f5 19. Bg3 Qf6 20. Nb1 g5 21. h4 h6 22. Nd2 Re7 23. hxg5 hxg5 24. f4 Ng6 25. Nf1 gxf4 26. exf4 Rf8 27. Bd3 Bh6 28. Qf2 Qc3 29. Bc2 Rg7 30. Re1 Nf6 31. Re3 Qb2 32. Bxf5 Qxf2+ 33. Kxf2 Ne7 34. Be6+ Kh8 35. Rd3 Nh5 36. Rf3 Nf5 37. Bh2 Nh4 38. Rh3 Rxg2+ 39. Ke1 Rxh2 40. Nxh2 Bxf4 41. Rxh4 1-0